000 002730000a22000970004500
100 1 _aLopes, Nicodemus Augustus
245 1 0 _aVerdad y pluralidad en el Nuevo Testamento
300 _aVol.7, núm.2 (Noviembre, 2005), Páginas 62-87
773 0 _tReforma Siglo 21
942 _cANA
999 _c60708
_d60708